01655nam a2200277 a 450000100100000000500170001000800410002704000250006808200190009311001040011224501570021626001270037330000210050050400700052159000260059165000530061765100600067065100540073070000360078491000390082095201310085995201310099095201170112195201220123899900170136000001584520250621074006.0100219s1998 dr r 000 0 spa d aDO-SdBNPbspacBNPHU a352.367bR426r1 aRepública Dominicana.bComisión Presidencial para la Reforma y Modernización del Estado9708913aLa reforma y modernización del Estado :bun espacio para la cooperación, cartera de proyectos República Dominicana /cpresentación Onofre Rojas. aSanto Domingo :bSecretaría Ejecutiva de la Comisión Presidencial para la Reforma y Modernización del Estado,c1998. a176 p. ;c29 cm. aIncluye referencias bibliográficas y notas al pie de páginas. aInventariado, 2018/BT 4aReforma del estadozRepública Dominicana99500 4aRepública DominicanaxAdministración Pública9657 0aRepública DominicanaxPolítica y gobierno9451 aRojas, Onofre,epresent.931119 aValidado. Control de calidad. EMS. 001054708DSaGRbGRcHDd2010-02-19iLF1l0o352.367 R426rp15845-30r2020-06-25te.3w2020-06-25yLFDSZPréstamo en sala 001054708DSaGRbGRcHDd2013-10-18iLF1l0o352.367 R426rp15845-40r2020-06-25te.4w2020-06-25yLFDSZPréstamo en sala 0010718PDaPDbPDcHDd2010-02-19iLF1l0o352.367 R426rp15845-10r2020-06-25w2020-06-25yLFPDZNo se presta 0010718PDaPDbPDcHDd2010-02-19iLF1l0o352.367 R426rp15845-20r2020-06-25te.2w2020-06-25yLFPDZNo se presta c15389d15389